Statistics for Greek Colour Translation

Click here to take the quiz!

General Stats

  • This quiz has been taken 3 times
  • The average score is 10 of 15

Answer Stats

EnglishGreek% Correct
Redκόκκινο
100%
Blueμπλε
100%
Yellowκίτρινο
100%
Greenπράσινο
100%
Brownκαφέ
100%
Orangeπορτοκαλί
100%
Whiteάσπρο
100%
Purpleμωβ
50%
Pinkροζ
50%
Lilacλιλά
50%
Sky Blueγαλάζιο
50%
Blackμαύρο
50%
Light Blueανοιχτό μπλε
0%
Greyγκρι
0%
Grey #2γκρίλο
0%

Score Distribution

Percentile by Number Answered

Percent of People with Each Score

Your Score History

You have not taken this quiz